| 000 | 01531nam a2200361 4500 | ||
|---|---|---|---|
| 001 | 215 | ||
| 003 | OSt | ||
| 005 | 20250528074015.0 | ||
| 008 | 250203b |||||||g |||| 00| 1 eng d | ||
| 020 | _a9788508067695 | ||
| 040 | _bpor | ||
| 041 |
_heng _apor |
||
| 082 |
_a028.5 _bD754si |
||
| 100 | 1 |
_aDoyle, Arthur Conan, _d1859-1930 _9388 |
|
| 240 | _aThe sign of four | ||
| 245 |
_aO signo dos quatro / _cDoyle, Arthur Conan ; Tradução de Geraldo Galvão Ferraz e Ilustração de Cárcamo |
||
| 260 |
_aSão Paulo _bÁtica _c1997 |
||
| 300 | _a155 p. | ||
| 520 | _aO escritor inglês Arthur conan Doyle (1859-1930) é o pai de sherlock Holmes, talvez a figura fictícia mais popular do Ocidente. Oftalmologista malsucedido, Doyle seguiu o caminho literário apontado nos contos detetivescos de Edgar Allan Poe. Escrevendo histórias nas quais Sherlock Holmes, sempre ao lado de seu companheiro Watson, rastreia e explica os mais intrincados e esquisitos crimes de Londres, Conan Doyle tornou-se o maior autor de ficção policial deste século. [texto da quarta capa desta edição] | ||
| 650 | 0 |
_aLiteratura Inglesa _989 |
|
| 650 | 0 |
_aAdaptação _9788 |
|
| 650 | 0 |
_aCrime e Investigação _913 |
|
| 650 | 0 |
_aRomance Policial _911 |
|
| 650 | 0 |
_aSuspense _910 |
|
| 650 | 0 |
_aMistério _942 |
|
| 650 | 0 |
_aClássicos _977 |
|
| 650 | 0 |
_aFilme _926 |
|
| 655 | 0 |
_aRomance _923 |
|
| 655 | 0 |
_aFicção _922 |
|
| 700 |
_aGeraldo Galvão Ferraz _eTradutor _9396 |
||
| 700 |
_aCárcamo _eIlustração _9397 |
||
| 942 |
_2ddc _n0 _cBK |
||
| 999 |
_c215 _d215 |
||